[Event "Mittelfranken Landesliga Sued 2223"]
[Site "Mittelfranken"]
[Date "2023.03.19"]
[Round "8.8"]
[White "Maierhofer, Johann"]
[Black "Balic, Adnan"]
[Result "0-1"]
[WhiteElo "2026"]
[BlackElo "2095"]
[PlyCount "92"]
[EventDate "2022.10.09"]
[EventType "team-tourn"]
[EventRounds "9"]
[EventCountry "GER"]
[SourceTitle "EXT 2024"]
[Source "ChessBase"]
[SourceDate "2023.10.10"]
[SourceVersion "1"]
[SourceVersionDate "2023.10.10"]
[SourceQuality "1"]
[WhiteTeam "Rottal Inn"]
[BlackTeam "Augsburg SF"]
[WhiteTeamCountry "GER"]
[BlackTeamCountry "GER"]

1. e4 c6 2. d4 d5 3. Nc3 dxe4 4. Nxe4 Nf6 5. Nxf6+ exf6 6. Bc4 Bd6 7. Ne2 0-0 8. 0-0 Bf5 9. c3 Qc7 10. Ng3 Bg6 11. Re1 Nd7 12. Bd3 Bxd3 13. Qxd3 Rfe8 14. Rxe8+ Rxe8 15. Be3 g6 16. Nf1 f5 17. f3 c5 18. Rd1 c4 19. Qc2 Bxh2+ 20. Nxh2 Rxe3 21. Nf1 Re8 22. Kf2 Nf6 23. Ne3 b5 24. Re1 Qf4 25. Qc1 Ne4+ 26. Kg1 Ng3 27. Qd2 Qh6 28. b3 cxb3 29. axb3 a5 30. d5 Qh1+ 31. Kf2 Qh4 32. Kg1 f4 33. Nc2 Re2 34. Qxe2 Nxe2+ 35. Rxe2 Qf6 36. c4 bxc4 37. bxc4 Qc3 38. d6 Qd3 39. Re8+ Kg7 40. c5 Qxc2 41. Kh2 Qf5 42. c6 Qh5+ 43. Kg1 Qc5+ 44. Kh2 Qxc6 45. Rd8 a4 46. d7 Qc7 0-1

[Event "Mittelfranken Landesliga Sued 2223"]
[Site "Mittelfranken"]
[Date "2023.02.05"]
[Round "6.8"]
[White "Maierhofer, Johann"]
[Black "Schlinkmeier, Karsten"]
[Result "0-1"]
[WhiteElo "2026"]
[BlackElo "2131"]
[PlyCount "140"]
[EventDate "2022.10.09"]
[EventType "team-tourn"]
[EventRounds "9"]
[EventCountry "GER"]
[SourceTitle "EXT 2024"]
[Source "ChessBase"]
[SourceDate "2023.10.10"]
[SourceVersion "1"]
[SourceVersionDate "2023.10.10"]
[SourceQuality "1"]
[WhiteTeam "Rottal Inn"]
[BlackTeam "Garching II"]
[WhiteTeamCountry "GER"]
[BlackTeamCountry "GER"]

1. e4 c6 2. d4 d5 3. exd5 cxd5 4. Bd3 Nc6 5. c3 Nf6 6. Ne2 Bg4 7. Nd2 a6 8. Nf1 Bh5 9. Nfg3 Bg6 10. 0-0 e6 11. Re1 Bd6 12. Bf4 0-0 13. Bxg6 hxg6 14. Qd2 Be7 15. Nc1 Na5 16. b3 b5 17. Nd3 Nd7 18. Rac1 Qb6 19. Nf1 Rfc8 20. Ne3 Ba3 21. Rc2 Nc6 22. b4 a5 23. Nc5 Qd8 24. Nb7 Qf6 25. Ng4 Qf5 26. Nd6 Qxg4 27. h3 Qh4 28. Bg5 Qh5 29. g4 Qxh3 30. Re3 Qxg4+ 31. Rg3 Nxd4 32. Rxg4 Nf3+ 33. Kg2 Nxd2 34. Nxc8 Rxc8 35. Rxd2 axb4 36. cxb4 Ne5 37. Rg3 Nc4 38. Rd4 Bxb4 39. Rh4 f6 40. Bc1 g5 41. Rh1 Nd6 42. Rb3 Rc4 43. Rd1 Kf7 44. Kf1 Bc5 45. f3 Rc2 46. Rb2 Rc4 47. Bd2 e5 48. Be1 Ke6 49. Ke2 Nf5 50. Bf2 Bxf2 51. Kxf2 Nd4 52. Rd3 b4 53. Re3 Kd6 54. Rd3 Kc5 55. Re3 Nb5 56. Rd3 Rh4 57. Rc2+ Nc3 58. Kg3 Kc4 59. Rdd2 d4 60. Rh2 d3 61. Rb2 Ne2+ 62. Rhxe2 dxe2 63. Rxe2 Kd3 64. Rb2 Kc3 65. Rb3+ Kc4 66. Rb2 Kc3 67. Rb3+ Kc2 68. Re3 Kb2 69. Re2+ Ka3 70. Rc2 Rh1 0-1

[Event "Mittelfranken Landesliga Sued 2223"]
[Site "Mittelfranken"]
[Date "2022.12.11"]
[Round "4.8"]
[White "Martin, Michael"]
[Black "Maierhofer, Johann"]
[Result "1/2-1/2"]
[WhiteElo "2028"]
[BlackElo "2026"]
[PlyCount "46"]
[EventDate "2022.10.09"]
[EventType "team-tourn"]
[EventRounds "9"]
[EventCountry "GER"]
[SourceTitle "EXT 2024"]
[Source "ChessBase"]
[SourceDate "2023.10.10"]
[SourceVersion "1"]
[SourceVersionDate "2023.10.10"]
[SourceQuality "1"]
[WhiteTeam "Haunstetten"]
[BlackTeam "Rottal Inn"]
[WhiteTeamCountry "GER"]
[BlackTeamCountry "GER"]

1. Nf3 b5 2. b4 e6 3. Bb2 Nf6 4. a4 bxa4 5. Rxa4 d5 6. e3 Nbd7 7. Bb5 Bb7 8. Ne5 a6 9. Bc6 Bxc6 10. Nxc6 Qc8 11. c3 Nb6 12. Ra2 Bd6 13. d3 0-0 14. 0-0 Qd7 15. Na5 Rfb8 16. Nd2 c5 17. Nab3 cxb4 18. cxb4 Qe7 19. Nc5 Nbd7 20. Nxa6 Rb6 21. Qa1 Nb8 22. Nxb8 Raxb8 23. Nf3 Bxb4 1/2-1/2

[Event "Mittelfranken Landesliga Sued 2223"]
[Site "Mittelfranken"]
[Date "2022.10.09"]
[Round "1.7"]
[White "Litzka, Matthias"]
[Black "Maierhofer, Johann"]
[Result "1-0"]
[WhiteElo "2011"]
[BlackElo "2026"]
[PlyCount "179"]
[EventDate "2022.10.09"]
[EventType "team-tourn"]
[EventRounds "9"]
[EventCountry "GER"]
[SourceTitle "EXT 2024"]
[Source "ChessBase"]
[SourceDate "2023.10.10"]
[SourceVersion "1"]
[SourceVersionDate "2023.10.10"]
[SourceQuality "1"]
[WhiteTeam "Starnberg"]
[BlackTeam "Rottal Inn"]
[WhiteTeamCountry "GER"]
[BlackTeamCountry "GER"]

1. c4 c5 2. Nf3 Nc6 3. d4 cxd4 4. Nxd4 Nf6 5. Nc3 g6 6. e4 d6 7. Be2 Bg7 8. Be3 Bd7 9. 0-0 0-0 10. Qd2 Ng4 11. Bxg4 Bxg4 12. Rac1 a6 13. Nd5 Be6 14. Nb6 Rb8 15. Nb3 Ne5 16. Rfd1 Nd7 17. Nd5 Bxd5 18. cxd5 Rc8 19. Rxc8 Qxc8 20. Rc1 Qb8 21. Qc2 b6 22. Nd4 Bxd4 23. Bxd4 Qb7 24. b4 Rb8 25. f3 f6 26. Qc7 Kf7 27. f4 Ke8 28. Qxb7 Rxb7 29. Rc8+ Kf7 30. Kf2 h6 31. Ke3 g5 32. g3 Ra7 33. Kd3 Rb7 34. Be3 Ra7 35. Rh8 Kg7 36. Rc8 Kf7 37. Kc3 Rb7 38. Kb3 Kg7 39. Bd4 Kf7 40. a3 Ra7 41. Rc6 Rb7 42. Rc8 Ra7 43. Kc4 Rb7 44. Kd3 Ra7 45. h4 a5 46. Kc4 axb4 47. axb4 Ra3 48. Rd8 Rxg3 49. Rxd7 gxh4 50. Ra7 Rf3 51. f5 Rf4 52. Kd3 b5 53. Ra1 h3 54. Rh1 Rf3+ 55. Be3 Rg3 56. Ke2 h5 57. Rh2 h4 58. Bf2 Rb3 59. Be1 Kg7 60. Bd2 Kf7 61. Rh1 Kf8 62. Be3 Rxb4 63. Kf3 Rb2 64. Rxh3 Kg7 65. Rxh4 b4 66. Bd4 Rb3+ 67. Ke2 Ra3 68. Kd2 Rg3 69. Rh1 b3 70. Rb1 Rg4 71. Kd3 Kf7 72. Rxb3 Rg3+ 73. Be3 Rg8 74. Ra3 Rb8 75. Ra4 Rb3+ 76. Kd4 Rb7 77. Kc4 Rc7+ 78. Kb5 Rc2 79. Rc4 Ra2 80. Kc6 Ra3 81. Bb6 Ra8 82. Kd7 Ra6 83. Bd8 Ra3 84. Rc7 Ra4 85. Bxe7 Rxe4 86. Bxd6 Re3 87. Kc6+ Ke8 88. Re7+ Rxe7 89. Bxe7 Kxe7 90. Kc7 1-0

[Event "Mittelfranken Landesliga Sued 2122"]
[Site "Mittelfranken"]
[Date "2022.06.26"]
[Round "3.8"]
[White "Sann, Michael"]
[Black "Maierhofer, Johann"]
[Result "1/2-1/2"]
[WhiteElo "2053"]
[BlackElo "2053"]
[PlyCount "33"]
[EventDate "2021.10.24"]
[EventType "team-tourn"]
[EventRounds "9"]
[EventCountry "GER"]
[SourceTitle "EXT 2024"]
[Source "ChessBase"]
[SourceDate "2023.10.10"]
[SourceVersion "1"]
[SourceVersionDate "2023.10.10"]
[SourceQuality "1"]
[WhiteTeam "Unterhaching"]
[BlackTeam "Rottal Inn"]
[WhiteTeamCountry "GER"]
[BlackTeamCountry "GER"]

1. d4 c5 2. d5 e5 3. Nc3 d6 4. e4 g6 5. Be2 Bh6 6. Nf3 Bxc1 7. Qxc1 Kf8 8. h4 Kg7 9. Nd2 Nh6 10. Nc4 f6 11. Qd2 Na6 12. h5 Nc7 13. hxg6 hxg6 14. a4 Nf7 15. 0-0-0 Bd7 16. f4 Qe7 17. g3 1/2-1/2

[Event "GER Cup Net V3 U2400"]
[Site "Playchess.com INT"]
[Date "2020.05.27"]
[Round "5"]
[White "Maierhofer, Johann"]
[Black "Pernutz, Hans Gerhard"]
[Result "1/2-1/2"]
[WhiteElo "1849"]
[BlackElo "1866"]
[PlyCount "97"]
[EventDate "2020.05.27"]
[EventType "swiss (blitz)"]
[EventRounds "9"]
[EventCountry "GER"]
[SourceTitle "EXT 2021"]
[Source "ChessBase"]
[SourceDate "2020.10.23"]
[SourceVersion "1"]
[SourceVersionDate "2020.10.23"]
[SourceQuality "1"]

1. e4 c5 2. c4 Nc6 3. Nc3 g6 4. g3 Bg7 5. Bg2 Be5 6. Nge2 Bg7 7. 0-0 e6 8. d3 Nge7 9. Bg5 0-0 10. Qd2 Re8 11. Rac1 d6 12. b3 Qd7 13. Be3 b6 14. d4 cxd4 15. Nxd4 Bb7 16. Rfd1 Rad8 17. f4 a6 18. Qf2 Nc8 19. Na4 Nxd4 20. Bxd4 b5 21. Nb6 Nxb6 22. Bxb6 Rc8 23. cxb5 axb5 24. Bd4 Bf8 25. Qd2 d5 26. e5 b4 27. Qe3 Ba6 28. Bf1 Qb7 29. Bd3 Bxd3 30. Qxd3 Rxc1 31. Rxc1 Rc8 32. Qd2 h5 33. h3 Be7 34. g4 hxg4 35. hxg4 Bd8 36. Kg2 Rxc1 37. Qxc1 Bb6 38. Bxb6 Qxb6 39. Kf3 Qd4 40. Qe3 Qd1+ 41. Kg3 Kg7 42. f5 gxf5 43. gxf5 exf5 44. Qg5+ Kf8 45. Qd8+ Kg7 46. Qf6+ Kf8 47. Qd8+ Kg7 48. Qf6+ Kf8 49. Qd8+ 1/2-1/2

[Event "GER Cup Net V3 U2400"]
[Site "Playchess.com INT"]
[Date "2020.05.27"]
[Round "6"]
[White "Reis, Gerhard"]
[Black "Maierhofer, Johann"]
[Result "1-0"]
[WhiteElo "1982"]
[BlackElo "1849"]
[PlyCount "117"]
[EventDate "2020.05.27"]
[EventType "swiss (blitz)"]
[EventRounds "9"]
[EventCountry "GER"]
[SourceTitle "EXT 2021"]
[Source "ChessBase"]
[SourceDate "2020.10.23"]
[SourceVersion "1"]
[SourceVersionDate "2020.10.23"]
[SourceQuality "1"]

1. e4 e5 2. Nf3 Nf6 3. Nxe5 d6 4. Nf3 Nxe4 5. Nc3 Nxc3 6. dxc3 Be7 7. Be3 0-0 8. Qd2 Nd7 9. 0-0-0 Nf6 10. Bd3 Re8 11. h3 c6 12. g4 d5 13. g5 Ne4 14. Bxe4 dxe4 15. Qxd8 Rxd8 16. Rxd8+ Bxd8 17. Nd4 Bb6 18. Ne2 Bxe3+ 19. fxe3 Bf5 20. Ng3 Bg6 21. h4 h6 22. Rd1 hxg5 23. hxg5 f6 24. gxf6 gxf6 25. Rd7 Rb8 26. Re7 f5 27. Ne2 Kf8 28. Rc7 Bf7 29. Nd4 Bg6 30. Kd2 Ke8 31. Ke1 a5 32. a3 a4 33. Kf2 Kd8 34. Rg7 Bh5 35. Ne6+ Ke8 36. Rg8+ Kd7 37. Rxb8 Kxe6 38. Rxb7 Bd1 39. Kg3 Bxc2 40. Kf4 Kd5 41. Kxf5 Bd3 42. Rb4 Bc2 43. Rd4+ Kc5 44. c4 Bd3 45. Ke5 Bc2 46. Ke6 Bd3 47. Kd7 Bc2 48. Kc7 Bd3 49. Kb7 Bxc4 50. Rxe4 Bb5 51. Rb4 Kd5 52. Kb6 Ke5 53. Rxb5+ cxb5 54. Kxb5 Ke4 55. Kxa4 Kxe3 56. b4 Kd4 57. b5 Kc5 58. Ka5 Kc4 59. b6 1-0

[Event "GER Cup Net V2 U2400"]
[Site "Playchess.com INT"]
[Date "2020.05.22"]
[Round "4"]
[White "Brunke, Christian"]
[Black "Maierhofer, Johann"]
[Result "1/2-1/2"]
[WhiteElo "2141"]
[BlackElo "1957"]
[PlyCount "55"]
[EventDate "2020.05.22"]
[EventType "swiss (blitz)"]
[EventRounds "9"]
[EventCountry "GER"]
[SourceTitle "EXT 2021"]
[Source "ChessBase"]
[SourceDate "2020.10.23"]
[SourceVersion "1"]
[SourceVersionDate "2020.10.23"]
[SourceQuality "1"]

1. e4 e5 2. Bc4 Nf6 3. Nf3 Nxe4 4. Nc3 Nxc3 5. dxc3 c6 6. Nxe5 d5 7. Qe2 Qe7 8. Bd3 Nd7 9. Nf3 Qxe2+ 10. Bxe2 Bd6 11. Be3 0-0 12. 0-0-0 Re8 13. h3 Bc5 14. Nd4 Bxd4 15. cxd4 Nf6 16. Rhe1 Bf5 17. g4 Bg6 18. h4 h6 19. g5 hxg5 20. hxg5 Ne4 21. Bf3 Nd6 22. Bf4 Nf5 23. Be5 Re7 24. Kd2 Rae8 25. Rh1 Re6 26. c3 Nd6 27. Bxd6 Rxd6 28. Rhe1 1/2-1/2

[Event "GER Cup Net V2 U2400"]
[Site "Playchess.com INT"]
[Date "2020.05.22"]
[Round "1"]
[White "Maierhofer, Johann"]
[Black "Lantzsch, Christian"]
[Result "1/2-1/2"]
[WhiteElo "1914"]
[BlackElo "2119"]
[PlyCount "142"]
[EventDate "2020.05.22"]
[EventType "swiss (blitz)"]
[EventRounds "9"]
[EventCountry "GER"]
[SourceTitle "EXT 2021"]
[Source "ChessBase"]
[SourceDate "2020.10.23"]
[SourceVersion "1"]
[SourceVersionDate "2020.10.23"]
[SourceQuality "1"]

1. e4 c5 2. c4 Nc6 3. Nc3 g6 4. g3 Bg7 5. Bg2 e6 6. Nge2 Nge7 7. d3 0-0 8. Bg5 h6 9. Be3 d6 10. d4 cxd4 11. Nxd4 Nxd4 12. Bxd4 Nc6 13. Bxg7 Kxg7 14. 0-0 a6 15. Qd2 Qe7 16. Rfd1 Rd8 17. Rac1 Rb8 18. f4 Rd7 19. Ne2 Kh7 20. Nd4 Nxd4 21. Qxd4 e5 22. Qb6 Rc7 23. Qxd6 exf4 24. Qxe7 Rxe7 25. gxf4 Be6 26. b3 Rc7 27. Kf2 Rbc8 28. Bf1 b5 29. Ke3 bxc4 30. Bxc4 Bxc4 31. bxc4 Rxc4 32. Rxc4 Rxc4 33. Rd2 Ra4 34. h4 Kg7 35. Kf3 Kf6 36. Ke3 Ke6 37. Kf3 Ra3+ 38. Kg2 Ra5 39. Kf3 Rh5 40. Kg3 Ra5 41. Kf3 f6 42. Kg3 Ra3+ 43. Kg2 g5 44. hxg5 hxg5 45. fxg5 fxg5 46. Kf2 Ke5 47. Re2 g4 48. Kg2 Kf4 49. e5 Rg3+ 50. Kf2 Rh3 51. e6 g3+ 52. Kg1 Rh8 53. e7 Re8 54. Kg2 Kg4 55. Re4+ Kf5 56. Re3 Kf6 57. Kxg3 Rxe7 58. Rxe7 Kxe7 59. Kf3 Kd6 60. Ke3 Kc5 61. Kd3 Kb4 62. Kc2 Ka3 63. Kb1 Kb4 64. Kb2 Ka4 65. Kb1 Kb4 66. Kb2 Kc4 67. Ka3 Kb5 68. Kb3 Ka5 69. Ka3 Kb5 70. Kb3 Ka5 71. Ka3 Kb5 1/2-1/2

[Event "GER Cup Net V2 U2400"]
[Site "Playchess.com INT"]
[Date "2020.05.22"]
[Round "9"]
[White "Maierhofer, Johann"]
[Black "Loew, Gerald"]
[Result "1/2-1/2"]
[WhiteElo "1930"]
[BlackElo "1987"]
[PlyCount "82"]
[EventDate "2020.05.22"]
[EventType "swiss (blitz)"]
[EventRounds "9"]
[EventCountry "GER"]
[SourceTitle "EXT 2021"]
[Source "ChessBase"]
[SourceDate "2020.10.23"]
[SourceVersion "1"]
[SourceVersionDate "2020.10.23"]
[SourceQuality "1"]

1. e4 d6 2. c4 Nf6 3. Nc3 c5 4. g3 Nc6 5. Bg2 g6 6. Nge2 Bg7 7. 0-0 0-0 8. d3 a6 9. h3 Rb8 10. f4 Nd4 11. Be3 Nd7 12. Qd2 b5 13. Rab1 b4 14. Nd1 e6 15. Bf2 Bb7 16. Ne3 f5 17. Nxd4 Bxd4 18. Nc2 Bxf2+ 19. Rxf2 Nf6 20. Re1 Qd7 21. b3 a5 22. Rfe2 Rbe8 23. exf5 gxf5 24. Bxb7 Qxb7 25. Rxe6 Rxe6 26. Rxe6 Qf3 27. Qe3 Qd1+ 28. Ne1 Kg7 29. Rxd6 Re8 30. Re6 Rxe6 31. Qxe6 Nh5 32. Qe7+ Kg8 33. Kf2 Qd2+ 34. Kf3 Qd1+ 35. Kf2 Qd2+ 36. Kg1 Nf6 37. Qxf6 Qxe1+ 38. Kg2 Qe2+ 39. Kg1 Qe1+ 40. Kg2 Qe2+ 41. Kg1 Qe1+ 1/2-1/2

[Event "AUT-ch Zwisch Internet"]
[Site "Playchess.com INT"]
[Date "2020.05.02"]
[Round "13"]
[White "Kienboeck, Benjamin"]
[Black "Maierhofer, Johann"]
[Result "1/2-1/2"]
[WhiteElo "1922"]
[BlackElo "2087"]
[PlyCount "123"]
[EventDate "2020.05.02"]
[EventType "swiss (blitz)"]
[EventRounds "13"]
[EventCountry "AUT"]
[SourceTitle "CBM 195 Extra"]
[Source "ChessBase"]
[SourceDate "2020.05.31"]
[SourceVersion "1"]
[SourceVersionDate "2020.05.31"]
[SourceQuality "1"]

1. e4 e5 2. Nf3 Nf6 3. Nxe5 d6 4. Nf3 Nxe4 5. Nc3 Nxc3 6. dxc3 Be7 7. Bd3 0-0 8. Be3 Nd7 9. Qd2 Nf6 10. 0-0-0 Re8 11. h3 c6 12. g4 d5 13. g5 Ne4 14. Bxe4 dxe4 15. Qxd8 Rxd8 16. Rxd8+ Bxd8 17. Rd1 Bxh3 18. Nd2 Bf5 19. Nc4 Be7 20. Nd6 Be6 21. Nxb7 Kf8 22. Nc5 Bf5 23. Nd7+ Ke8 24. Ne5 Rc8 25. a3 a6 26. Rd4 f6 27. gxf6 Bxf6 28. Bf4 g5 29. Bh2 h5 30. Rd6 Bxe5 31. Bxe5 Ke7 32. Rh6 Bg4 33. Bf6+ Kd7 34. Bxg5 Bf3 35. Kd2 Rg8 36. Bf4 Rf8 37. Bg3 Ra8 38. Rd6+ Kc7 39. c4 Kb6 40. b4 a5 41. c3 axb4 42. axb4 Ra2+ 43. Ke3 Re2+ 44. Kf4 Rc2 45. b5 Rxc3 46. Rxc6+ Kb7 47. Bh2 Be2 48. Kxe4 Rxc4+ 49. Rxc4 Bxc4 50. b6 Kxb6 51. Kf5 Kc6 52. Kg6 Be2 53. f4 Kd7 54. f5 Bd3 55. Kg5 Bxf5 56. Kxf5 Ke7 57. Kg5 Kf7 58. Kh6 h4 59. Kh5 h3 60. Kh4 Kf6 61. Be5+ Kxe5 62. Kxh3 1/2-1/2

[Event "AUT-ch Zwisch Internet"]
[Site "Playchess.com INT"]
[Date "2020.05.02"]
[Round "10"]
[White "Maierhofer, Johann"]
[Black "Gartmayer, Stefan"]
[Result "0-1"]
[WhiteElo "2087"]
[BlackElo "1914"]
[PlyCount "70"]
[EventDate "2020.05.02"]
[EventType "swiss (blitz)"]
[EventRounds "13"]
[EventCountry "AUT"]
[SourceTitle "CBM 195 Extra"]
[Source "ChessBase"]
[SourceDate "2020.05.31"]
[SourceVersion "1"]
[SourceVersionDate "2020.05.31"]
[SourceQuality "1"]

1. e4 c5 2. c4 e6 3. Nc3 Nc6 4. g3 Nf6 5. Bg2 g6 6. Nge2 Bg7 7. 0-0 0-0 8. d3 a6 9. h3 d6 10. Be3 Rb8 11. d4 cxd4 12. Nxd4 Ne5 13. b3 Qa5 14. Rc1 Rd8 15. Qd2 Bd7 16. Rfd1 Be8 17. f4 Nc6 18. Kh2 Qh5 19. Qf2 Ng4+ 20. Kg1 Nxf2 21. Kxf2 Nxd4 22. Bxd4 Bxd4+ 23. Rxd4 Qa5 24. Bf3 Bc6 25. Rc2 f5 26. Ke3 fxe4 27. Nxe4 Qe1+ 28. Re2 Qg1+ 29. Kd3 Bxe4+ 30. Rdxe4 d5 31. Rxe6 dxc4+ 32. Kxc4 Rbc8+ 33. Kb4 Qc5+ 34. Ka4 Rd4+ 35. b4 Qxb4# 0-1

[Event "AUT-ch Zwisch Internet"]
[Site "Playchess.com INT"]
[Date "2020.05.02"]
[Round "8"]
[White "Maierhofer, Johann"]
[Black "Kern, Michael"]
[Result "0-1"]
[WhiteElo "2087"]
[BlackElo "1957"]
[PlyCount "162"]
[EventDate "2020.05.02"]
[EventType "swiss (blitz)"]
[EventRounds "13"]
[EventCountry "AUT"]
[SourceTitle "CBM 195 Extra"]
[Source "ChessBase"]
[SourceDate "2020.05.31"]
[SourceVersion "1"]
[SourceVersionDate "2020.05.31"]
[SourceQuality "1"]

1. e4 d5 2. exd5 Qxd5 3. Nc3 Qd8 4. d4 Nf6 5. Nf3 Bg4 6. Be2 e6 7. h3 Bxf3 8. Bxf3 c6 9. Bf4 Nbd7 10. Qd2 Bb4 11. a3 Ba5 12. b4 Bc7 13. Bxc7 Qxc7 14. 0-0 0-0 15. Ne4 Nxe4 16. Bxe4 Nf6 17. Bd3 Rfd8 18. c3 a5 19. Qc2 g6 20. Rfd1 axb4 21. axb4 b5 22. g3 Nd5 23. Be4 Qb7 24. Kg2 Ra6 25. Ra5 Rxa5 26. bxa5 Ra8 27. Ra1 Nb6 28. Qb3 Nc4 29. Qb4 Qc7 30. a6 Qb6 31. a7 Nd2 32. Bd3 Rxa7 33. Rxa7 Qxa7 34. Qb2 Nc4 35. Bxc4 bxc4 36. Qb4 Qa6 37. Qe7 Qb5 38. Qd8+ Kg7 39. Qd6 Qd5+ 40. Qxd5 cxd5 41. f4 h5 42. Kf3 Kf6 43. h4 Kf5 44. Ke3 Kg4 45. Kf2 Kh3 46. Kf3 f6 47. Kf2 Kg4 48. Kg2 g5 49. hxg5 fxg5 50. fxg5 Kxg5 51. Kh3 Kf5 52. Kh4 Kg6 53. g4 hxg4 54. Kxg4 Kf7 55. Kg5 Kg7 56. Kg4 Kg6 57. Kf4 Kf6 58. Ke3 Kg5 59. Kf3 Kf5 60. Ke3 Kg4 61. Ke2 Kf4 62. Kf2 Ke4 63. Ke2 e5 64. dxe5 Kxe5 65. Ke3 Kf5 66. Kf3 Kg5 67. Ke3 Kf5 68. Kf3 Ke6 69. Ke3 Ke5 70. Kd2 Kf4 71. Ke2 Ke4 72. Kd2 Kf3 73. Kc2 Ke2 74. Kc1 Kd3 75. Kb2 Kd2 76. Kb1 Kxc3 77. Kc1 d4 78. Kd1 Kb2 79. Kd2 c3+ 80. Kd3 c2 81. Kxd4 c1Q 0-1

[Event "AUT-ch Zwisch Internet"]
[Site "Playchess.com INT"]
[Date "2020.05.02"]
[Round "2"]
[White "Maierhofer, Johann"]
[Black "Marakovits, Nico"]
[Result "0-1"]
[WhiteElo "2087"]
[BlackElo "2105"]
[PlyCount "114"]
[EventDate "2020.05.02"]
[EventType "swiss (blitz)"]
[EventRounds "13"]
[EventCountry "AUT"]
[SourceTitle "CBM 195 Extra"]
[Source "ChessBase"]
[SourceDate "2020.05.31"]
[SourceVersion "1"]
[SourceVersionDate "2020.05.31"]
[SourceQuality "1"]

1. e4 c5 2. c4 Nc6 3. Nc3 g6 4. g3 Bg7 5. Bg2 e6 6. Nge2 Nge7 7. 0-0 0-0 8. d3 d6 9. Bg5 h6 10. Be3 Kh7 11. d4 cxd4 12. Nxd4 Nxd4 13. Bxd4 a6 14. Rc1 Nc6 15. Bxg7 Kxg7 16. Qd2 Qe7 17. Rfd1 Rd8 18. b3 Rb8 19. Qd3 b6 20. Ne2 Bb7 21. Nd4 Ne5 22. Qe2 Rbc8 23. f4 Nc6 24. Qd2 e5 25. Nxc6 Bxc6 26. Qc3 b5 27. cxb5 Bxb5 28. Qb2 f6 29. h3 Qa7+ 30. Kh2 Rxc1 31. Rxc1 Qe3 32. Rc7+ Rd7 33. Rxd7+ Bxd7 34. fxe5 dxe5 35. Qa3 Be6 36. Qxa6 Bf7 37. Qf1 h5 38. Qf3 Qd2 39. a4 Qb4 40. g4 hxg4 41. hxg4 Qxb3 42. Qxb3 Bxb3 43. a5 Bc4 44. Kg3 g5 45. Kf2 Kf7 46. Ke3 Ke7 47. Bf3 Kd6 48. Kd2 Kc5 49. Kc3 Bf1 50. Kd2 Kb5 51. Be2+ Bxe2 52. Kxe2 Kxa5 53. Kd3 Kb4 54. Kd2 Kc4 55. Ke3 Kc3 56. Ke2 Kd4 57. Kf3 Kd3 0-1

[Event "AUT-ch Zwisch Internet"]
[Site "Playchess.com INT"]
[Date "2020.05.02"]
[Round "9"]
[White "Pilshofer, Paul"]
[Black "Maierhofer, Johann"]
[Result "1/2-1/2"]
[WhiteElo "1715"]
[BlackElo "2087"]
[PlyCount "96"]
[EventDate "2020.05.02"]
[EventType "swiss (blitz)"]
[EventRounds "13"]
[EventCountry "AUT"]
[SourceTitle "CBM 195 Extra"]
[Source "ChessBase"]
[SourceDate "2020.05.31"]
[SourceVersion "1"]
[SourceVersionDate "2020.05.31"]
[SourceQuality "1"]

1. d4 c5 2. e3 e6 3. Nf3 d5 4. g3 Nf6 5. Bg2 Bd7 6. 0-0 Bc6 7. Ne5 Nbd7 8. Nxc6 bxc6 9. c4 cxd4 10. exd4 Be7 11. Nd2 0-0 12. b3 Qb6 13. Bb2 Rac8 14. Qe2 Rfd8 15. Rfd1 Qa6 16. Bf1 Bf8 17. cxd5 Qxe2 18. Bxe2 cxd5 19. Rac1 Bd6 20. f4 Nb6 21. Ba6 Rxc1 22. Rxc1 Kf8 23. Kg2 Ke7 24. h3 Ne4 25. Nf3 f6 26. Rc2 Rd7 27. Bd3 Rc7 28. Rxc7+ Bxc7 29. Bxe4 dxe4 30. Nd2 f5 31. Ba3+ Bd6 32. Bb2 g6 33. Nc4 Bc7 34. Kf2 Nxc4 35. bxc4 Bd6 36. Ke3 Bb4 37. g4 Kd6 38. a3 Ba5 39. Bc1 Kc6 40. Bb2 a6 41. Bc1 Bc3 42. Bd2 Bb2 43. a4 Ba3 44. Ba5 Be7 45. Bd2 Bd6 46. Ba5 Be7 47. Bd2 Bd6 48. Ba5 Be7 1/2-1/2

[Event "AUT-ch Vor4 Internet"]
[Site "Playchess.com INT"]
[Date "2020.04.25"]
[Round "7"]
[White "Maierhofer, Johann"]
[Black "Hechl, Fabian"]
[Result "1/2-1/2"]
[WhiteElo "2087"]
[BlackElo "1999"]
[PlyCount "145"]
[EventDate "2020.04.25"]
[EventType "swiss (blitz)"]
[EventRounds "9"]
[EventCountry "AUT"]
[SourceTitle "EXT 2021"]
[Source "ChessBase"]
[SourceDate "2020.10.23"]
[SourceVersion "1"]
[SourceVersionDate "2020.10.23"]
[SourceQuality "1"]

1. e4 e6 2. d4 d5 3. Nd2 c5 4. Ngf3 Nc6 5. exd5 Qxd5 6. Bc4 Qd6 7. dxc5 Qxc5 8. 0-0 Nf6 9. Qe2 Bd6 10. Nb3 Qh5 11. h3 0-0 12. Bg5 a6 13. Rad1 Be7 14. Bf4 b5 15. Bd3 Bb7 16. Ne5 Nxe5 17. Qxh5 Nxh5 18. Bxe5 Nf6 19. c3 Rfd8 20. Bc2 Nd5 21. Rd2 Rd7 22. Rfd1 Rad8 23. g3 Nb6 24. Rxd7 Rxd7 25. Rxd7 Nxd7 26. Bd4 e5 27. Be3 h6 28. Kf1 Kf8 29. h4 Bd6 30. Ke2 Ke7 31. Na5 Bd5 32. Bb3 Bxb3 33. Nxb3 Ke6 34. Kd3 Kd5 35. f3 f5 36. Bf2 e4+ 37. fxe4+ fxe4+ 38. Ke2 Ne5 39. Nd4 Nd3 40. b3 Nc1+ 41. Kd2 Nxa2 42. Kc2 b4 43. c4+ Ke5 44. Ne2 Kf5 45. Kb2 Nc3 46. Nxc3 bxc3+ 47. Kxc3 Kg4 48. Kd4 Kf3 49. Be1 e3 50. c5 Bc7 51. Kd3 e2 52. b4 g5 53. hxg5 hxg5 54. g4 Kxg4 55. Kxe2 Kf5 56. Kd3 g4 57. Kc4 g3 58. b5 axb5+ 59. Kxb5 g2 60. Bf2 Ke6 61. Kc6 Bg3 62. Bg1 Ke7 63. Kb7 Kd7 64. c6+ Kd8 65. Be3 Bh2 66. Bf2 Bg3 67. Bg1 Bf4 68. Bb6+ Ke7 69. Bc5+ Kd8 70. Bb6+ Ke7 71. c7 Bxc7 72. Kxc7 g1Q 73. Bxg1 1/2-1/2